00512nam a2200181Ia 4500001000900000003000500009005001700014008004100031010001100072040000900083082001600092100001900108245007200127260003400199300001000233400007000243650001700313dia_1405CHAP20221130102550.0220117s1972 xx 000 0 und d a171945 cCHAP a612.015 H82 aHudson, B.J.F. aDesarrollos Actuales en las Nuevas Proteinas /c por B.J.F. Hudson aChapingo,México. ENA.c1972 a22 p. aSERIE DE ENCUADERNACIONES. DEPARTAMENTO DE INDUSTRIAS Agrícolas a1.proteinas.